000 01396cam a2200277 4500500
005 20251228073440.0
041 _afre
042 _adc
100 1 0 _aLeader, Darian
_eauthor
700 1 0 _aBaldet, Isabelle
_eauthor
245 0 0 _aARTICLE RETIRÉ : ARTICLE RETIRÉ : « La seule chose qui dure» : quelques fonctions de l'écriture
260 _c2007.
500 _a21
520 _aRésuméLes cas cliniques proposés montrent que la pratique de l’écriture peut donner accès à une forme d’extase liée à des moments où le sujet retrouve quelque chose de son identité qui se situe au niveau du langage. La recherche de cette identité pourrait être une des fonctions de l’écriture.
520 _aThe different clinical cases under study here show that writing can give access to a particular form of ecstasy linked to moments where the subject rediscovers something of his identity which is situated in language. The search for this identity could be one function of writing.
690 _aÉcriture
690 _aextase
690 _alangage
690 _aretrouvaille
690 _aecstasy
690 _alanguage
690 _arediscovery
690 _awriting
786 0 _nSavoirs et clinique | 8 | 1 | 2007-10-18 | p. 217-220 | 1634-3298
856 4 1 _uhttps://shs.cairn.info/revue-savoirs-et-cliniques-2007-1-page-217?lang=fr&redirect-ssocas=7080
999 _c1595235
_d1595235